Guess The Country #1-North America - Statistics

General Stats
  • This quiz has been taken 13 times
  • The average score is 9 of 10
Answer Stats
Hint Answer % Correct
3. I Am The Second Biggest Country In The World. I Have A Massive Collection Of Islands. Who Am I? Canada
100%
7. I Have An Island All To Myself. It Starts With A "C" And Ends With An "A". Who Am I? Cuba
100%
1. I Am On A Divided Island In The Carribeans Shared With Another Country. My Country Starts With The Letter H. Who Am I? Haiti
100%
5. I Am Famous For Having Tacos In My Shops. I Also Speak Spanish As The Main Language. Who Am I? Mexico
100%
2. I Am A Small Country Bordering South America. There Is A Famous Canal Passing Through Me, Who Am I? Panama
100%
4. I Am The Third Most Populous In The World. I Own Magnificent Structures Such As Mount Rushmore, Yellowstone National Park And The White House. Who Am I? United States
100%
8. I Am Famous For Being Near The Bermuda Triangle. I Have A Buncha Islands And The Capital Is Nassau. Who Am I? Bahamas
91%
6. I Am A Small Disputed Land To Be Or Not To Be Part Of Guatemala. But Most People Recognize Me As A Country. Who Am I? Belize
82%
10. I Am 2 Islands That Both Start With "T". It Is Super Near South America. Who Am I? Trinidad And Tobago
82%
9. I Am An Island In The Carribean Sea. I Am The Most Eastern Country In The Sea. Who Am I? Barbados
73%
No matching quizzes found
Score Distribution
Percent of People with Each Score
Percentile by Number Answered
Your Score History
You have not taken this quiz